| 000 | 00753nam a22002057a 4500 | ||
|---|---|---|---|
| 999 |
_c11629 _d11629 |
||
| 003 | AR-CdUCM | ||
| 008 | 190404b ||||| |||| 00| 0 spa d | ||
| 040 |
_aMUNICIPALIDAD PROVINCIAL DEL CUSCO _cBIBLIOTECA MUNICIPAL DEL CUSCO |
||
| 082 |
_a070.97 / _bSE464 / 1959 |
||
| 100 |
_aSeldes, George _929088 |
||
| 245 | _aLos amos de la prensa / | ||
| 260 |
_aBuenos Aires : _bTriángulo, _c1959. |
||
| 300 |
_a479 páginas ; _c21 cm. |
||
| 500 | _aDonación de la familia Nieto. | ||
| 505 | _aContenido: La cámara de los Lores -- Patterson, lord de "Tabloidia" -- La eminencia del medio oeste: Mc Cormick -- El pequeño lord Northcliffe .. | ||
| 650 |
_aPrensa _919488 |
||
| 650 |
_aPeriodismo _91929 |
||
| 942 |
_2ddc _cLIBROS |
||
| 945 |
_acmm _d2019-04-04 |
||